000
00255nam a2200097Ia 4500
001
708143
005
20250826162521.0
008
250824s9999 xx 000 0 und d
245
0
_a
SARNIÇ
_c
SAİT FAİK ABASIYANIK
260
_b
TÜRKİYE İŞ BANKASI YAYINLARI
999
_c
708143
_d
708143